[Event "Sharjah Blitz op 27th"]
[Site "Sharjah"]
[Date "2022.04.08"]
[Round "9"]
[White "Sameir, Ramez"]
[Black "Paul Emerson, Gicale"]
[Result "1-0"]
[WhiteElo "1896"]
[BlackElo "1245"]
[PlyCount "78"]
[EventDate "2022.04.08"]
[EventType "swiss (blitz)"]
[EventRounds "9"]
[EventCountry "UAE"]
[SourceTitle "CBM 207 Extra"]
[Source "ChessBase"]
[SourceDate "2022.05.31"]
[SourceVersion "1"]
[SourceVersionDate "2022.05.31"]
[SourceQuality "1"]

1. e4 d5 2. exd5 Qxd5 3. Nc3 Qd8 4. d4 e6 5. Nf3 Nf6 6. Bc4 Be7 7. 0-0 0-0 8. Qe2 Nbd7 9. Bg5 c6 10. Rad1 Nb6 11. Bd3 Nbd5 12. Nxd5 Nxd5 13. Qe4 g6 14. Bh6 Re8 15. c3 Bf8 16. Bxf8 Rxf8 17. Ne5 Qf6 18. g3 Qf5 19. Qe2 Qg5 20. f4 Qe7 21. a3 f5 22. c4 Nf6 23. h3 Re8 24. Rfe1 c5 25. d5 exd5 26. cxd5 Nxd5 27. Bc4 Be6 28. Bxd5 Rad8 29. Bxe6+ Qxe6 30. Rxd8 Rxd8 31. Qc4 Rd5 32. Nf3 Qf7 33. Ng5 b5 34. Qa2 Qd7 35. Qb3 c4 36. Qe3 Rd1 37. Kf2 Rd2+ 38. Re2 Rd1 39. Qe6+ Kh8 1-0

[Event "Sharjah Rapid op 27th"]
[Site "Sharjah"]
[Date "2022.04.07"]
[Round "8"]
[White "Hamad, MAM Al Ali"]
[Black "Paul Emerson, Gicale"]
[Result "0-1"]
[WhiteElo "1281"]
[BlackElo "1245"]
[PlyCount "48"]
[EventDate "2022.04.06"]
[EventType "swiss (rapid)"]
[EventRounds "9"]
[EventCountry "UAE"]
[SourceTitle "CBM 207 Extra"]
[Source "ChessBase"]
[SourceDate "2022.05.31"]
[SourceVersion "1"]
[SourceVersionDate "2022.05.31"]
[SourceQuality "1"]

1. e4 d5 2. exd5 Qxd5 3. Nc3 Qd8 4. Nf3 e6 5. d4 Nf6 6. Bg5 Be7 7. Bb5+ c6 8. Bd3 0-0 9. Qd2 Nbd7 10. h3 Nd5 11. Bxe7 Nxe7 12. Ng5 Ng6 13. Nce4 e5 14. 0-0 exd4 15. Bc4 Nde5 16. Bb3 h6 17. f4 Nd7 18. f5 Nge5 19. Nf3 Nxf3+ 20. Rxf3 Ne5 21. Rg3 Bxf5 22. Qxh6 Bg6 23. Rxg6 Nxg6 24. Ng5 gxh6 0-1